000 00711nam a2200253 i 4500
001 C2-0168447
003 PPAK
005 20180728090916.0
008 980718s1986 enka|||| ||||| | eng d
020 _a0947655174
040 _aPPAK
_beng
_cPPAK
_erda
082 0 4 _a796.343
_2 23
090 0 0 _a796.343
_bROB
_dR
100 1 _aRobinson, Ian,
_d1952-
_eauthor
245 1 0 _aSquash-beyond the basics
264 1 _aWest Yorkshire, England :
_bSpringfield Books Ltd. ,
_c1986
300 _a160 pages :
_billustrations ;
_c24 cm
336 _2rdacontent
_atext
337 _2rdamedia
_aunmediated
338 _2rdacarrier
_avolume
650 1 0 _aSquash rackets (Game)
700 _eauthor
942 _ddc
_cB
999 _c152596
_d152596